00293nam a2200121Ia 4500008004100000041000800041082001500049100001600064245003000080260004000110300001200150365000900162240624s9999 xx 000 0 und d aeng a332.63 GAR aGARCIA JOAO aART OF CREDIT DERIVATIVES c2010aChichesterbJohn Wiley & Sons a242 : p cb27